=LDR 00000nam 2200000 4500 =001 INLIS000000000032327 =005 20130612134335 =008 ***********************************ind** =035 ##$$0010-061300000032327 =041 ##$$a ind =082 ##$$a 2X1.4 =090 ##$$a 2X1./4, Alo t =100 ##$$a AL - OWAID, Yusuf Muhammad =245 ##$$a Tafsir riongkas juz'amma, Penulis, Yusuf Muhammad Al - Owaid ; Penerjemah, Tim Akbar Media ;' Penyunting, Harles Kurniawan =260 ##$$a 2005 $b Jakarta =650 ##$$a Al - Qur'an - Tafsir =700 ##$$a Tim Akbar Media =850 ##$$a NBPNMAT